Francis Picabia: poemas
Uloženo v:
| Médium: | Kniha |
|---|---|
| Jazyk: | španělština |
| Vydáno: |
Ciudad de México
Alias
2011
|
| Vydání: | 1a. ed |
| Témata: | |
| Tagy: |
Přidat tag
Žádné tagy, Buďte první, kdo vytvoří štítek k tomuto záznamu!
|
MARC
| LEADER | 00000cam a2200000 a 4500 | ||
|---|---|---|---|
| 001 | UCD2541 | ||
| 003 | CL-VaPUC | ||
| 008 | 160428e20111100mx |||||||||||||||||spa|d | ||
| 020 | |a 9786077985013v.1 | ||
| 020 | |a 9786077985044v.2 | ||
| 020 | |a 9786077985037v.3 | ||
| 082 | 0 | 4 | |a 841.01 |b FRA |2 21 |
| 245 | 1 | 0 | |a Francis Picabia: poemas |
| 250 | |a 1a. ed | ||
| 300 | |a v | ||
| 942 | |c BK | ||
| 945 | |d 20160428 21:50:00 |a arojas | ||
| 260 | |a Ciudad de México |b Alias |c 2011 | ||
| 500 | |a v.1: 1914-1918 | ||
| 500 | |a v.2: 1919-1920 | ||
| 500 | |a v.3: 1945-1953 | ||
| 600 | 0 | 7 | |a PICABIA, FRANCIS |2 CL-VaPUC |9 332772 |
| 650 | 0 | |a Poemas |9 372646 | |
| 650 | 0 | |a Literatura francesa |9 266330 | |
| 650 | 0 | |a Poesías francesas |9 265467 | |
| 583 | |a last modification |c 20160505 09:43:00 |k Rodrigo Vera | ||
| 999 | |c 363695 |d 363693 | ||
| 952 | |0 0 |1 0 |3 erb |4 0 |6 841_010000000000000_FRA_2011 |7 0 |8 A |9 476348 |a BIBART |b BIBART |h v.1 |i 5284368 |o 841.01 FRA 2011 |p 5284368 |r 2025-03-13 |w 2019-11-24 |y BK |z Catalogado en:20160428 |k ART | ||
| 952 | |0 0 |1 0 |3 erb |4 0 |6 841_010000000000000_FRA_2011 |7 0 |8 A |9 476349 |a BIBART |b BIBART |h v.2 |i 5284376 |o 841.01 FRA 2011 |p 5284376 |r 2025-03-13 |w 2019-11-24 |y BK |z Catalogado en:20160428 |k ART | ||
| 952 | |0 0 |1 0 |3 erb |4 0 |6 841_010000000000000_FRA_2011 |7 0 |8 A |9 476350 |a BIBART |b BIBART |h v.3 |i 5284384 |l 1 |o 841.01 FRA 2011 |p 5284384 |r 2025-03-13 |s 2024-09-09 |w 2019-11-24 |y BK |z Catalogado en:20160428 |k ART | ||